Cine e historia en el aula

Saved in:
Bibliografiske detaljer
Hovedforfatter: Fernández Sebastián, Javier (Author)
Format: Bog
Sprog:spansk
Udgivet: Madrid Ediciones Akal 1994
Udgivelse:2a. ed
Serier:El Mochuelo Pensativo, 1
Fag:
Tags: Tilføj Tag
Ingen Tags, Vær først til at tagge denne postø!

MARC

LEADER 00000cam a2200000 a 4500
001 UCC9833
003 CL-VaPUC
005 20231108131240.0
008 191117e19940000sp spa d
999 |c 167644  |d 167642 
020 |a 8476003501 
040 |c Pontificia Universidad Católica de Valparaíso 
082 0 4 |a 907.12  |b FER  |2 21 
100 1 |a Fernández Sebastián, Javier  |e author  |9 222228 
245 1 0 |a Cine e historia en el aula 
250 |a 2a. ed 
260 |a Madrid  |b Ediciones Akal  |c 1994 
300 |a 128 p 
490 0 |a El Mochuelo Pensativo, 1 
583 |a last modification  |c 20191117 22:03:00  |k cmena 
650 0 0 |a Enseñanza de la historia   |9 307330 
650 0 0 |a Educación media  |9 499610 
650 0 7 |a PELICULAS CINEMATOGRAFICAS  |2 CL-VaPUC  |9 605159 
650 0 0 |a Métodos de enseñanza  |9 270413 
942 |c BK  |2 ddc 
945 |a cmena  |d 20191117 22:03:00 
952 |0 0  |1 0  |2 ddc  |4 0  |7 0  |9 101989  |a BIBHIS  |b BIBHIS  |d 2019-10-07  |e 77  |g 1.00  |i 5561639  |r 2019-10-07  |t 1  |v 1.00  |w 2019-10-07  |y BK 
952 |0 0  |1 0  |3 erb  |4 0  |6 907_120000000000000_FER_1994  |7 0  |8 A  |9 495452  |a BIBHIS  |b BIBHIS  |i 5561639  |l 1  |o 907.12 FER 1994  |p 5561639  |r 2025-01-20  |s 2023-09-26  |w 2020-01-06  |y BK  |z Catalogado en:20191117  |k HIS